Poemas luz : (Record no. 195362)

MARC details
000 -LEADER
campo de control de longitud fija 01754nam a2200361 i 4500
001 - NÚMERO DE CONTROL
campo de control 195362
003 - IDENTIFICADOR DE NÚMERO DE CONTROL
campo de control SpMaBN
005 - FECHA Y HORA DE LA ÚLTIMA TRANSACCIÓN
campo de control 20250801155139.0
008 - DATOS DE LONGITUD FIJA--INFORMACIÓN GENERAL
campo de control de longitud fija 240606s2020 sp | |||| 000 p spa
015 ## - NÚMERO DE BIBLIOGRAFÍA NACIONAL
Número de bibliografía nacional MON20
017 ## - NÚMERO DE COPYRIGHT O DE DEPÓSITO LEGAL
Número de copyright o de depósito legal AL 1631-2020
Agencia que asigna Oficina Depósito Legal Almería
020 ## - NÚMERO INTERNACIONAL ESTÁNDAR DEL LIBRO
Número Internacional Estándar del Libro 9788418468667
040 ## - FUENTE DE CATALOGACIÓN
Centro catalogador/agencia de origen SpMaBN
Lengua de catalogación spa
Centro/agencia transcriptor SpMaBN
Normas de descripción rda
Centro/agencia modificador ES-MaACL
080 ## - NÚMERO DE LA CLASIFICACIÓN DECIMAL UNIVERSAL
Número de la Clasificación Decimal Universal 821.134.2-14"19"
100 ## - ENTRADA PRINCIPAL--NOMBRE DE PERSONA
Nombre de persona Gaitán Pacheco, Ricardo,
Fechas asociadas al nombre 1954-
Término indicativo de función/relación Autor
9 (RLIN) 236892
245 10 - MENCIÓN DEL TÍTULO
Título Poemas luz :
Resto del título 22/65 /
Mención de responsabilidad, etc. Ricardo Gaitán Pacheco
250 ## - MENCION DE EDICION
Mención de edición Primera edición: 2020
264 #1 - PRODUCCIÓN, PUBLICACIÓN, DISTRIBUCIÓN, FABRICACIÓN Y COPYRIGHT
Producción, publicación, distribución, fabricación y copyright [El Ejido] :
Nombre del de productor, editor, distribuidor, fabricante Letrame Grupo Editorial,
Fecha de producción, publicación, distribución, fabricación o copyright [2020].
300 ## - DESCRIPCIÓN FÍSICA
Extensión 55 páginas ;
Dimensiones 20 cm
336 ## - TIPO DE CONTENIDO
Término de tipo de contenido Texto
Fuente rdacontent
337 ## - TIPO DE MEDIO
Nombre/término del tipo de medio sin mediación
Fuente rdamedia
338 ## - TIPO DE SOPORTE
Nombre/término del tipo de soporte volumen
Fuente rdacarrier
520 ## - RESUMEN, ETC.
Sumario, etc. Poemas Luz-22/65 es un libro de poesías de amor con el que su autor, tras publicar numerosos artículos y libros técnicos, debuta como poeta. A sus 65 años, aporta la experiencia de un corazón curtido y lleno de vivencias pero también la sensibilidad de un joven enamorado. La experiencia de la edad y la pasión de juventud se aúnan en estos 22 poemas que conforman su primera obra lírica.
655 #0 - TERMINO DE INDIZACIÓN--GENERO/FORMA
Datos o término principal de género/forma Poesías amorosas
9 (RLIN) 236893
852 ## - LOCALIZACIÓN
Ubicación ES-MaACL
Ubicación en estantería Depósito J
Número de control de estantería N-10019
Anotaciones manuscritas Dedicatoria autógrafa del autor
Donativo/Legado Donación: Ricardo Gaitán Pacheco
Encuadernación Encuadernación rústica con solapas
itemnumber 206166
903 ## - NOMBRE PERSONAL DE DONANTE
a Gaitán Pacheco, Ricardo,
d 1954-
e Donante
9 236892
942 ## - ELEMENTOS DE ENTRADA SECUNDARIOS (KOHA)
Tipo de ítem Koha Libro impreso
Suprimir en OPAC No
Holdings
Estatus retirado Estado de pérdida Fuente del sistema de clasificación o colocación Estado de daño No para préstamo Colección Biblioteca de origen Biblioteca actual Ubicación en estantería Fecha de adquisición Fuente de adquisición Total de préstamos Signatura topográfica completa Código de barras Visto por última vez Precio de reemplazo Tipo de ítem Koha
    Clasificación decimal universal     Libros con dedicatorias Biblioteca del Ateneo de Madrid Biblioteca del Ateneo de Madrid Depósito J 07/07/2025 Donación   N-10019 2025-0558 07/07/2025 07/07/2025 Libro impreso